000 00513nam a2200193Ia 4500
003 GCL
008 140319s9999 xx 000 0 eng d
040 _aGCL /
_cGCL
082 0 4 _a759
_bB G
100 1 _aBOLTON, LINDA
245 1 0 _aTHE HISTORY AND TECHINQUES OF THE GREAT MASTERS GAUGUIN /
_cBOLTON, LINDA
260 _a[S.N] :
_bTIGER BOOKS INTERNATIONAL ،
_c1989
300 _a64 P
650 0 4 _aARTS
650 0 4 _aHISTORY AND CRITICISM
650 0 4 _aPAINTING
650 0 4 _aPAINTERS
942 _2ddc
_cBK
999 _c18768
_d18768